00908naa a2200289 a 450000100080000000500110000800800410001910000200006024501550008026000090023565300090024465300190025365300120027265300110028470000180029570000150031370000190032870000190034770000190036670000260038570000150041170000200042670000190044670000170046570000150048277301210049710728932010-10-26 2010 bl uuuu u00u1 u #d1 aOLIVEIRA, G. K. aC??lulas-tronco mononucleares aut??logas e prote??na ??ssea morfogen??tica na cicatriza????o de defeitos tibiais experimentalmente induzidos em c??es. c2010 aC??o aC??lula-tronco arhBMP-2 aT??bia1 aRAISER, A. G.1 aOLSSON, D.1 aSALBEGO, F. Z.1 aMARTINS, D. B.1 aDEZENGRINE, R.1 aSANTOS J??NIOR, E. B.1 aRAPPETI, J1 aTRINDADE, L. B.1 aTOGNOLI, G. K.1 aPIPPI, N. L.1 aSAUSEN, L. tArquivo Brasileiro de Medicina Veterin??ria e Zootecnia, Belo Horizonte, MGgv. 62, n. 1, P. 72-79, fevereiro, 2010.